000 00393nam a22001337a 4500
082 _a347.4206
_bMUS
100 _aMushtaq, Mian Imran
245 _aThe Qanun-E-Shahdat Order, 1984:
_b[10 of 1984] /
_cMian Imran Mushtaq
260 _aLahore :
_bIrfan Law Book House,
_c2023.
300 _a75 p.
563 _aHB.
650 _aLaw, Qanun e Shahdat Order, 1984
_9128280
942 _2ddc
_cBK
999 _c613301
_d613301